Barbie of Swan Lake - Characters by Picture - Statistics

General Stats
  • This quiz has been taken 38 times
  • The average score is 6 of 13
Answer Stats
Picture Answer % Correct
Odette
100%
Odile
61%
Rothbart
50%
Baker
46%
Erasmus
46%
Lila
43%
Prince Daniel
39%
Fairy Queen
36%
Ivan
36%
Marie
32%
Queen Mother
32%
Carlita
29%
Reggie
25%
No matching quizzes found
Score Distribution
Percent of People with Each Score
Percentile by Number Answered
Your Score History
You have not taken this quiz